| 000 | 01075pam a22002894a 4500 | ||
|---|---|---|---|
| 001 | 4520525 | ||
| 003 | ARRUPE | ||
| 005 | 20160823123724.0 | ||
| 008 | 990223s1999 pau b 101 0 eng | ||
| 010 | _a 99013093 | ||
| 020 | _a1563382679 (pbk. : alk. paper) | ||
| 040 |
_aDLC _cDLC _dDLC |
||
| 042 | _apcc | ||
| 050 | 0 | 0 |
_aBL60 _b.D65 1999 |
| 082 | 0 | 0 |
_a291.1/72 _221 |
| 245 | 0 | 2 |
_aA dome of many colors : _bstudies in religious pluralism, identity, and unity / _cedited by Arvind Sharma and Kathleen M. Dugan. |
| 260 |
_aHarrisburg, Pa. : _bTrinity Press International, _cc1999. |
||
| 300 |
_av, 201 p. ; _c22 cm. |
||
| 504 | _aIncludes bibliographical references and index. | ||
| 650 | 0 |
_aReligious pluralism _xCongresses. _925331 |
|
| 700 | 1 |
_aSharma, Arvind. _922541 |
|
| 700 | 1 |
_aDugan, Kathleen Margaret. _925332 |
|
| 906 |
_a7 _bcbc _corignew _d1 _eocip _f19 _gy-gencatlg |
||
| 942 |
_2lcc _cMONOGRAPH |
||
| 999 |
_c125086 _d125086 |
||